000 00717nam a2200265 a 4500
001 9754
003 CO-ViMGA
008 141112s2004 ck r 000 u spa d
020 _a9580213429
040 _aCO-ViMGA
_bspa
_cCO-ViMGA
082 0 4 _a170 G633 V.6
245 1 0 _aFormación de Valores ética 6
260 _aSantafé de Bogotá :
_bVoluntad S.A,
_c1999
300 _a128p. : il color
490 _aEducación Básica
505 _aFormación de valores 6
650 1 4 _aALTRUISMO
_911462
650 1 4 _aAUTOCONTROL
_911463
650 1 4 _aBIEN Y MAL
_911464
650 1 4 _aCONDUCTA - ética
_9149
650 1 4 _aDISCIPLINA
650 1 4 _aética
_911465
650 1 4 _aética SEXUAL
_911466
942 _2ddc
_cBK
999 _c21187
_d21187